| 000 | 01085nam a22002657a 4500 | ||
|---|---|---|---|
| 008 | 090127t xxu||||| |||| 00| 0 eng d | ||
| 010 | _aENG-92601 | ||
| 020 | _c75.00 | ||
| 035 | _aEN-76134 | ||
| 037 | _bDBAD / PUB | ||
| 040 |
_adpl _bEnglish |
||
| 082 | _a882.09 | ||
| 100 | _aPattukkottai Kumaravel | ||
| 245 |
_aThe Lord of the Cross = Siluvai Nayakan : _bhistorical play in Tamil / _cby (Kalaimamani) Pattukkottai Kumaravel; English translation by A.K. Moorthy, S.P. Guruparan [and] S. Suviseshamuthu |
||
| 260 |
_aChennai _bSt. Therasa's Church _c2007 |
||
| 270 |
_aNo. 4, Nungambakkam High Road, _bChennai _e600034 |
||
| 300 |
_axxxii212p.: _bill. _c22cm (pbk) |
||
| 600 | _aJesus Christ | ||
| 650 |
_aTamil drama _xTranslation into English. |
||
| 700 | _aMoorthy, A.K. | ||
| 700 | _aGuruparan, S.P. | ||
| 700 | _aSuviseshamuthu, S. | ||
| 942 |
_2ddc _cEN _mLOR _h882.09 |
||
| 999 |
_c22417 _d22417 |
||